Borders- Sudden Death - Statistics

General Stats
  • This quiz has been taken 79 times
    73 since last reset
  • The average score is 5 of 19
Answers on the Grid
Answers color-coded by a green-red scale on the quiz's grid according to % correct below.
Dominican Republic/Haiti
Guatemala/Mexico
Lithuania/Russia
Norway/Russia
Poland/Russia
Brazil/France
Bolivia/Chile
Egypt/Israel
Iraq/Kuwait
Afghanistan/China
Benin/Niger
Iran/Türkiye
Italy/Slovenia
Algeria/Tunisia
Guinea/Guinea-Bissau
Senegal/The Gambia
Eswatini/Mozambique
Armenia/Iran
Bulgaria/Türkiye
Australia/Switzerland
Somalia/Yemen
El Salvador/Mexico
Egypt/Jordan
Belize/Honduras
Panama/Venezuela
Kenya/Sudan
France/Netherlands
Afghanistan/Russia
Kazakhstan/Mongolia
China/Thailand
Thailand/Vietnam
Burkina Faso/Nigeria
Equatorial Guinea/Guinea
Germany/Liechtenstein
Guinea/Suriname
 
Answer Stats
Answer % Correct
Norway/Russia
36%
Algeria/Tunisia
33%
Egypt/Israel
33%
Guatemala/Mexico
33%
Lithuania/Russia
33%
Poland/Russia
33%
Dominican Republic/Haiti
31%
Iran/Türkiye
29%
Italy/Slovenia
29%
Senegal/The Gambia
29%
Afghanistan/China
26%
Brazil/France
26%
Iraq/Kuwait
26%
Bolivia/Chile
24%
Armenia/Iran
17%
Eswatini/Mozambique
17%
Guinea/Guinea-Bissau
17%
Bulgaria/Türkiye
10%
Benin/Niger
7%
No matching quizzes found
Score Distribution
Percent of People with Each Score
Percentile by Number Answered
Your Score History
You have not taken this quiz since the last reset